Library of the University of Algiers 3
Ibrahim Sultan Cheibout
شعار جامعة الجزائر 3
مكتبة جامعة الجزائر 3
إبراهيم سلطان شيبوط

الجدوى الاقتصادية للمشروعات الاستثمارية (ك18) / (رقم التسجيلة. 46373)

تفاصيل مارك
000 -LEADER
fixed length control field 01408nam a2200205Ia 4500
003 - CONTROL NUMBER IDENTIFIER
control field Ost
005 - DATE AND TIME OF LATEST TRANSACTION
control field 20260507075804.0
008 - FIXED-LENGTH DATA ELEMENTS--GENERAL INFORMATION
fixed length control field 260507s9999||||xx |||||||||||||| ||und||
040 ## - CATALOGING SOURCE
Transcribing agency fsecg
041 ## - LANGUAGE CODE
Language code of text/sound track or separate title ara
100 ## - MAIN ENTRY--PERSONAL NAME
Personal name اسماعيل، يسرى خضر
Relator term مؤلف
245 #0 - TITLE STATEMENT
Title الجدوى الاقتصادية للمشروعات الاستثمارية (ك18) /
Statement of responsibility, etc. يسرى خضر اسماعيل
260 ## - PUBLICATION, DISTRIBUTION, ETC.
Place of publication, distribution, etc. القاهرة:
Name of publisher, distributor, etc. مطبعة مركز التعليم المفتوح,
Date of publication, distribution, etc. (د.ت)
300 ## - PHYSICAL DESCRIPTION
Extent 223 صفحة؛
Other physical details إيضاحات ؛
Dimensions 24 سم
504 ## - BIBLIOGRAPHY, ETC. NOTE
Bibliography, etc. note مراجع ص.211 ملاحق ص.212
520 ## - SUMMARY, ETC.
Summary, etc. دورة المشروع، دراسة الجدوى للفرص الاستثمارية، البيانات اللازمة لاعداد دراسة الجدوى، استخدامات ومصادر الأموال، تقدير ربخية المشروع، التدفقات النقدية في حالة شراء الآلات، التدفقات النقدية للمشروع المتكامل، تقييم المشروع من وجهة نظر المستثمر، تقييم المشروع من وجهة نظر المستثمر الفرد، القيمة الحالية للتدفقات النقدية، تطبيقات القيمة الحالية للتدفقات النقدية، المعدل الداخلي للعائد
653 ## - INDEX TERM--UNCONTROLLED
Uncontrolled term التمويل
653 ## - INDEX TERM--UNCONTROLLED
Uncontrolled term المشروعات
942 ## - ADDED ENTRY ELEMENTS (KOHA)
Koha item type كتب
المقتنيات
Withdrawn status Lost status Source of classification or shelving scheme Damaged status Not for loan Home library Current library Date acquired Serial enumeration / chronology Inventory number Total checkouts Full call number Barcode Date last seen Price effective from Koha item type
    Library of Congress Classification   NOT LOAN / إعارة داخلية مكتبة كلية العلوم الإقتصادية والعلوم التجارية وعلوم التسيير مكتبة كلية العلوم الإقتصادية والعلوم التجارية وعلوم التسيير 07/05/2026 الطابق الأرضي 1649/18/1   أ1649ك18ن1 1649/18/1 07/05/2026 07/05/2026 كتب
    Dewey Decimal Classification   Available مكتبة كلية العلوم الإقتصادية والعلوم التجارية وعلوم التسيير مكتبة كلية العلوم الإقتصادية والعلوم التجارية وعلوم التسيير 07/05/2026 الطابق الثاني 1649/18/2   أ1649ك18ن2 1649/18/2 07/05/2026 07/05/2026 كتب

موارد الويب المفتوحة


© University of Algiers 3 All Rights Reserved
|
Implemented by LECHELAH Riad